000 00803nam a2200265 i 4500
003 DO-SdBNP
005 20250617145426.0
007 ta
008 250617t1984 ck 000 0 spa d
040 _aDO-SdBNP
_bspa
_cBNPHU
_erda
082 _a972.8
_bA674
_222
100 _aArciniegas, German,
_d1900-1999
_eautor
_4aut.
_925387
245 1 0 _aBiografía del Caribe /
_cGermán Arciniegas
250 _aTercera edición
264 1 _aBogotá, Colombia :
_bPlaza & Janes,
_c1984.
300 _a424 páginas
_c20 cm.
336 _atexto
_btxt
_2rdacontent
337 _asin mediación
_bn
_2rdamedia
338 _avolumen
_bnc
_2rdacarrier
504 _aBibliografía p: 415-424.
590 _aInventariado, 2025/ YL
651 _aCaribe (Región)
_xHistoria
910 _aYLockward
942 _2ddc
_cLBS1
999 _c59320
_d59320